| 000 | 01533nam a2200241Ia 4500 | ||
|---|---|---|---|
| 999 |
_c52061 _d52061 |
||
| 001 | 19067 | ||
| 003 | GE_BSU | ||
| 005 | 20220920144904.0 | ||
| 008 | 181216s2008||||ge |||||||||||||| ||geo|| | ||
| 040 | _cGE_BSU | ||
| 041 | _ageo | ||
| 080 | _a82 ნ-63 | ||
| 100 |
_aნიკოლაიშვილი, ე. _910608 |
||
| 245 |
_aესპანური პიკარესკული რომანის ტენდენციები XVIII ს ინგლისურ ლიტერატურაში: დისერტაცია / _cე. ნიკოლაიშვილი; სამეცნიერო ხელმძღვანელი ნ. ორლოვსკაია; ბათუმის შოთა რუსთაველის სახელმწიფო უნივერსიტეტი. |
||
| 264 |
_aბათუმი, _b _c2008. |
||
| 300 |
_a177 გვ. ; _b30 სმ. |
||
| 653 | _aდისერტაცია | ||
| 653 | _aესპანური პიკარესკული რომანის ტენდენციები XVIII ს ინგლისურ ლიტერატურაში | ||
| 653 | _aლიტმცოდნეობა | ||
| 700 |
_aორლოვსკაია, ნ. _eსამეცნიერო ხელმძღვანელი _91244 |
||
| 710 |
_aბათუმის შოთა რუსთაველის სახელმწიფო უნივერსიტეტი. _911815 |
||
| 942 |
_cBK _2udc |
||